Ur of the Chaldees (Record no. 619)
[ view plain ]
| 000 -LEADER | |
|---|---|
| fixed length control field | 00637nam a2200253 a 4500 |
| 020 ## - INTERNATIONAL STANDARD BOOK NUMBER | |
| ISBN | |
| 082 00 - DEWEY DECIMAL CLASSIFICATION NUMBER | |
| Classification number | 956 |
| Author Cutter | WOO |
| 100 ## - MAIN ENTRY--AUTHOR NAME | |
| Author name | Woolley, C Leonard |
| 245 ## - TITLE STATEMENT | |
| Title | Ur of the Chaldees |
| Sub title | Recond of Seven Years of Excavation. |
| 260 ## - PUBLICATION, DISTRIBUTION, ETC. (IMPRINT) | |
| Place of publication | London |
| Name of publisher | Ernest Benn Ltd |
| Year of publication | 1929 |
| 300 ## - PHYSICAL DESCRIPTION | |
| Number of Pages | 164p |
| 500 ## - GENERAL NOTE | |
| General note | includes index and biblioraphy |
| 505 2# - FORMATTED CONTENTS NOTE | |
| Formatted contents note | Index |
| 650 ## - SUBJECT ADDED ENTRY--TOPICAL TERM | |
| Topical Term | Middle East-History |
| 650 ## - SUBJECT ADDED ENTRY--TOPICAL TERM | |
| Topical Term | Ur-Middle East |
| 942 ## - ADDED ENTRY ELEMENTS (KOHA) | |
| Koha item type | Books |
| 700 1# - | |
| -- | Woolley, C Leonard |
| Collection code | Home library | Current library | Date acquired | Cost, normal purchase price | Full call number | Accession Number | Koha item type |
|---|---|---|---|---|---|---|---|
| Henry Martyn Institute Library | Henry Martyn Institute Library | 02/20/2008 | 100.00 | 956 WOO | 00535 | Books |
